UITU Library & LRC     

Property price prediction system (Record no. 33497)

MARC details
000 -LEADER
fixed length control field 00617nam a2200145Ia 4500
008 - FIXED-LENGTH DATA ELEMENTS--GENERAL INFORMATION
fixed length control field 260210s9999 xx 000 0 und d
024 ## - OTHER STANDARD IDENTIFIER
Standard number or code 19B-037-SE, 19B-043-SE, 19B-069-SE, 19B-142-SE & 19B-123-SE
100 ## - MAIN ENTRY--PERSONAL NAME
Personal name Rizwan Shaikh, Areeba Shahbaz, Yumna Anwaar, Muhammad Osarim Zahid & Muhammad Anus Kamran
110 ## - MAIN ENTRY--CORPORATE NAME
Corporate name or jurisdiction name as entry element Parkash Lohana
245 #0 - TITLE STATEMENT
Title Property price prediction system
260 ## - PUBLICATION, DISTRIBUTION, ETC.
Place of publication, distribution, etc. Karachi:
Name of publisher, distributor, etc. UITU,
Date of publication, distribution, etc. 2019
600 ## - SUBJECT ADDED ENTRY--PERSONAL NAME
Personal name Software engineering
650 ## - SUBJECT ADDED ENTRY--TOPICAL TERM
Topical term or geographic name entry element Bachelor of Engineering (BE)
856 ## - ELECTRONIC LOCATION AND ACCESS
Uniform Resource Identifier <a href="https://drive.google.com/file/d/1tFVaQAMrnnNWKzXB066LRyy9gqLAORfa/view?usp=sharing">https://drive.google.com/file/d/1tFVaQAMrnnNWKzXB066LRyy9gqLAORfa/view?usp=sharing</a>
Link text Click here for PDF

No items available.

Powered by Koha